000 00912cam a22002771 4500
001 21582
003 BD-RjUL
005 20211209000714.0
008 770616s1965 enka b 000 0 eng
035 _a(BD-RjUL)21646
035 _a(OCoLC)3045317
040 _aDLC
_cCtW
_dOCoLC
_dUk
_dDLC
_dBD-RjUL
_beng
041 _aeng
082 _a822.9
_bTHO 1967
110 2 _aTheatre Workshop (London, England)
_966680
245 1 0 _aOh, what a lovely war /
_cby Theatre Workshop, Charles Chilton and the members of the original cast. Military adviser: Raymond Fletcher.
260 _aLondon :
_bMethuen,
_cc1965 [Reprinted 1967].
300 _a94 p. :
_bill. ;
_c20 cm.
504 _aBibliography: p. [93]-94.
650 0 _aEnglish drama.
_966681
650 0 _aWorld War, 1914-1918
_vDrama.
_966682
700 1 _aChilton, Charles.
_966664
942 _2ddc
_cBK
999 _c21582
_d21582